000
00328nam a22001337a 4500
008
170327b xxu||||| |||| 00| 0 eng d
020
_a
9780071086820
041
_a
eng
080
_2
8TH
_a
615.83
100
_a
8
101
_a
SHM
245
_a
INTRODUCTION TO PHYSICAL EDUCATION, FITNESS & SPORT
_c
SIEDENTOP, D
942
_2
udc
_c
BK
999
_c
8723
_d
8723